<?xml version="1.0" encoding="UTF-8"?>
<record
    xmlns:xsi="http://www.w3.org/2001/XMLSchema-instance"
    xsi:schemaLocation="http://www.loc.gov/MARC21/slim http://www.loc.gov/standards/marcxml/schema/MARC21slim.xsd"
    xmlns="http://www.loc.gov/MARC21/slim">

  <leader>02491cam a22002535a 4500</leader>
  <controlfield tag="001">17817109</controlfield>
  <controlfield tag="005">20161128151457.0</controlfield>
  <controlfield tag="008">130718s2014    nyu    frb   f001 0 eng d</controlfield>
  <datafield tag="020" ind1=" " ind2=" ">
    <subfield code="a">9781107039346</subfield>
  </datafield>
  <datafield tag="040" ind1=" " ind2=" ">
    <subfield code="a">DLC</subfield>
    <subfield code="b">eng</subfield>
    <subfield code="c">DLC</subfield>
    <subfield code="d">DLC</subfield>
    <subfield code="d">EG-ScBUE</subfield>
  </datafield>
  <datafield tag="082" ind1="0" ind2="4">
    <subfield code="a">330.019</subfield>
    <subfield code="2">22</subfield>
    <subfield code="b">HEU</subfield>
  </datafield>
  <datafield tag="100" ind1="1" ind2=" ">
    <subfield code="a">Heukelom, Floris,</subfield>
    <subfield code="d">1978-</subfield>
  </datafield>
  <datafield tag="245" ind1="1" ind2="0">
    <subfield code="a">Behavioral economics :</subfield>
    <subfield code="b">a history /</subfield>
    <subfield code="c">Floris Heukelom.</subfield>
  </datafield>
  <datafield tag="260" ind1=" " ind2=" ">
    <subfield code="a">New York :</subfield>
    <subfield code="b">Cambridge University Press,</subfield>
    <subfield code="c">2014.</subfield>
  </datafield>
  <datafield tag="300" ind1=" " ind2=" ">
    <subfield code="a">xii, 223 p. ;</subfield>
    <subfield code="c">24 cm.</subfield>
  </datafield>
  <datafield tag="490" ind1="0" ind2=" ">
    <subfield code="a">Historical perspectives on modern economics</subfield>
  </datafield>
  <datafield tag="500" ind1=" " ind2=" ">
    <subfield code="a">Index : p. 221-223.</subfield>
  </datafield>
  <datafield tag="504" ind1=" " ind2=" ">
    <subfield code="a">Bibliography : p. 401-220.</subfield>
  </datafield>
  <datafield tag="520" ind1=" " ind2=" ">
    <subfield code="a">"In economics, the market has been understood to steer behavior towards a competitive equilibrium in which all economic actors behave optimally, and in which welfare of society is maximized. Yet many economists have also seen shortcomings to this ideal picture of the market in the form of limited information, too few buyers or sellers, adverse selection, moral hazards, and other caveats. What psychologists Daniel Kahneman and Amos Tversky brought to economics in the 1980s, was the idea that imperfections in the market may in addition be caused by fallible human behavior. This resulted in a new branch of economics called behavioral economics and it won Kahneman the Nobel Memorial Prize in Economics in 2002 (Tversky had died in 1996). This book presents a history of behavioral economics. The common rationale of behavioral economics in the 1980s - 2000s was in one version or another that "Behavioral economics increases the explanatory power of economics by providing it with more realistic psychological foundations" (Camerer and Loewenstein, 2004, p.3). This definition conceals a complicated relationship between economics and psychology that goes back at least to the eighteenth century. In addition, it suggests that economics and psychology are stable, universal entities. But also the label of behavioral economics itself seems odd. If economics deals with the behavior of individuals in the economy, 'behavioral economics' seems a confusing pleonasm. If on the other hand one argues that economics by definition deals with structures and institutions superseding and independent of theories of human behavior, 'behavioral economics' seems oxymoronic. In any case, it calls for some explanation"--</subfield>
  </datafield>
  <datafield tag="650" ind1=" " ind2="7">
    <subfield code="a">Economics</subfield>
    <subfield code="x">Psychological aspects.</subfield>
    <subfield code="2">BUEsh</subfield>
    <subfield code="9">36720</subfield>
  </datafield>
  <datafield tag="651" ind1=" " ind2=" ">
    <subfield code="2">BUEsh</subfield>
  </datafield>
  <datafield tag="653" ind1=" " ind2=" ">
    <subfield code="b">BUSECO</subfield>
    <subfield code="c">November2016</subfield>
  </datafield>
  <datafield tag="942" ind1=" " ind2=" ">
    <subfield code="2">ddc</subfield>
  </datafield>
  <datafield tag="999" ind1=" " ind2=" ">
    <subfield code="c">23378</subfield>
    <subfield code="d">23350</subfield>
  </datafield>
  <datafield tag="952" ind1=" " ind2=" ">
    <subfield code="0">0</subfield>
    <subfield code="1">0</subfield>
    <subfield code="2">ddc</subfield>
    <subfield code="4">0</subfield>
    <subfield code="7">0</subfield>
    <subfield code="8">Baccah</subfield>
    <subfield code="a">MAIN</subfield>
    <subfield code="b">MAIN</subfield>
    <subfield code="c">1ST</subfield>
    <subfield code="d">2016-11-28</subfield>
    <subfield code="e">Purchase</subfield>
    <subfield code="g">965.00</subfield>
    <subfield code="l">4</subfield>
    <subfield code="m">4</subfield>
    <subfield code="o">330.019 HEU</subfield>
    <subfield code="p">000040125</subfield>
    <subfield code="q">2022-12-21</subfield>
    <subfield code="r">2022-11-21 00:00:00</subfield>
    <subfield code="s">2022-11-21</subfield>
    <subfield code="y">BB</subfield>
  </datafield>
</record>
